[Event "European Chess Club Cup 2023"]
[Site "Durres, Albania"]
[Date "2023.10.07"]
[Round "7.1"]
[White "Keymer, Vincent"]
[Black "Rapport, Richard"]
[Result "1/2-1/2"]
[TimeControl "90' + 30' & 30\""]
[WhiteElo "2717"]
[BlackElo "2752"]

1. d4 {[%clk 01:30:56]} {[%emt 00:00:03]} Nf6 {[%clk 01:29:57]} {[%emt
00:01:02]} 2. c4 {[%clk 01:31:22]} {[%emt 00:00:06]} g6 {[%clk 01:30:16]}
{[%emt 00:00:11]} 3. Nc3 {[%clk 01:31:47]} {[%emt 00:00:05]} Bg7 {[%clk
01:29:39]} {[%emt 00:01:06]} 4. Nf3 {[%clk 01:27:00]} {[%emt 00:05:17]} O-O
{[%clk 01:28:49]} 5. e4 {[%clk 01:27:25]} {[%emt 00:01:26]} d6 {[%clk
01:29:08]} 6. Be2 {[%clk 01:27:50]} {[%emt 00:00:15]} e5 {[%clk 01:29:29]} 7.
O-O {[%clk 01:28:16]} {[%emt 00:00:13]} Na6 {[%clk 01:28:29]} 8. Be3 {[%clk
01:24:53]} {[%emt 00:05:24]} c6 {[%clk 01:28:15]} {[%emt 00:00:44]} 9. h3
{[%clk 01:14:02]} {[%emt 00:11:21]} exd4 {[%clk 01:28:00]} {[%emt 00:00:45]} 10.
Nxd4 {[%clk 01:10:50]} {[%emt 00:03:42]} Re8 {[%clk 01:26:24]} {[%emt
00:02:06]} 11. Bf3 {[%clk 01:05:26]} {[%emt 00:05:54]} Nc5 {[%clk 01:17:48]}
{[%emt 00:09:05]} 12. Qc2 {[%clk 01:04:49]} {[%emt 00:01:08]} h6 {[%clk
01:17:39]} {[%emt 00:00:39]} 13. Nb3 {[%clk 00:50:13]} {[%emt 00:15:07]} Nh7
{[%clk 01:09:33]} {[%emt 00:08:34]} 14. Rfd1 {[%clk 00:31:10]} {[%emt
00:19:34]} Qh4 {[%clk 01:03:50]} {[%emt 00:06:13]} 15. Rxd6 {[%clk 00:29:55]}
{[%emt 00:01:45]} Nxb3 {[%clk 01:03:01]} {[%emt 00:01:18]} 16. axb3 {[%clk
00:30:21]} {[%emt 00:00:04]} Be5 {[%clk 01:01:15]} {[%emt 00:02:16]} 17. Rd3
{[%clk 00:28:36]} {[%emt 00:02:16]} Ng5 {[%clk 00:47:10]} {[%emt 00:14:35]} 18.
Qd1 {[%clk 00:27:33]} {[%emt 00:01:34]} f5 {[%clk 00:46:11]} {[%emt 00:01:28]}
19. Bxg5 {[%clk 00:25:55]} {[%emt 00:02:09]} Qxg5 {[%clk 00:45:23]} {[%emt
00:01:17]} 20. Qd2 {[%clk 00:22:47]} {[%emt 00:03:39]} f4 {[%clk 00:36:25]}
{[%emt 00:09:28]} 21. Kf1 {[%clk 00:22:48]} {[%emt 00:00:29]} Be6 {[%clk
00:36:05]} {[%emt 00:00:50]} 22. Rd1 {[%clk 00:21:05]} {[%emt 00:02:12]} h5
{[%clk 00:27:36]} {[%emt 00:08:59]} 23. Ne2 {[%clk 00:18:54]} {[%emt 00:02:41]}
Qf6 {[%clk 00:23:13]} {[%emt 00:04:53]} 24. Qc2 {[%clk 00:17:33]} {[%emt
00:01:52]} a5 {[%clk 00:18:13]} {[%emt 00:05:30]} 25. R1d2 {[%clk 00:17:15]}
{[%emt 00:00:48]} Kg7 {[%clk 00:14:42]} {[%emt 00:04:01]} 26. c5 {[%clk
00:11:13]} {[%emt 00:06:32]} Red8 {[%clk 00:14:01]} {[%emt 00:01:10]} 27. Nc1
{[%clk 00:11:31]} {[%emt 00:00:13]} Re8 {[%clk 00:13:04]} {[%emt 00:01:27]} 28.
Ne2 {[%clk 00:11:49]} {[%emt 00:00:12]} Red8 {[%clk 00:08:39]} {[%emt
00:04:55]} 29. Nc1 {[%clk 00:10:39]} {[%emt 00:01:40]} Rh8 {[%clk 00:08:27]}
{[%emt 00:00:42]} 30. Ne2 {[%clk 00:07:32]} {[%emt 00:03:37]} Rad8 {[%clk
00:08:52]} {[%emt 00:00:06]} 31. Nc1 {[%clk 00:06:58]} {[%emt 00:01:03]} Ra8
{[%clk 00:09:10]} {[%emt 00:00:11]} 32. Be2 {[%clk 00:06:20]} {[%emt 00:01:08]}
Rae8 {[%clk 00:09:01]} {[%emt 00:00:39]} 33. Rf3 {[%clk 00:03:43]} {[%emt
00:03:06]} Bg4 {[%clk 00:07:35]} {[%emt 00:01:55]} 34. Rfd3 {[%clk 00:03:52]}
{[%emt 00:00:23]} Bc8 {[%clk 00:07:47]} {[%emt 00:00:17]} 35. b4 {[%clk
00:03:18]} {[%emt 00:01:05]} axb4 {[%clk 00:06:59]} {[%emt 00:01:16]} 36. Nb3
{[%clk 00:02:48]} {[%emt 00:01:02]} Rd8 {[%clk 00:03:17]} {[%emt 00:04:12]} 37.
Qc4 {[%clk 00:02:46]} {[%emt 00:00:32]} Rxd3 {[%clk 00:02:47]} {[%emt
00:00:59]} 38. Rxd3 {[%clk 00:03:07]} {[%emt 00:00:11]} Rd8 {[%clk 00:03:06]}
{[%emt 00:00:10]} 39. Nc1 {[%clk 00:00:41]} {[%emt 00:02:56]} Bxb2 {[%clk
00:02:39]} {[%emt 00:00:57]} 40. Qxb4 {[%clk 00:00:53]} {[%emt 00:00:18]} Bxc1
{[%clk 00:00:31]} {[%emt 00:02:38]} 41. Rxd8 {[%clk 00:01:08]} {[%emt
00:00:15]} Qxd8 {[%clk 00:30:12]} {[%emt 00:00:49]} 42. Qc3+ {[%clk 00:29:27]}
{[%emt 00:02:12]} Qf6 {[%clk 00:27:36]} {[%emt 00:03:04]} 43. Qxc1 {[%clk
00:29:50]} {[%emt 00:00:08]} Qe5 {[%clk 00:23:22]} {[%emt 00:04:44]} 44. Bf3
{[%clk 00:27:27]} {[%emt 00:02:52]} Kf7 {[%clk 00:20:58]} {[%emt 00:02:54]} 45.
Kg1 {[%clk 00:26:39]} {[%emt 00:01:19]} Ke7 {[%clk 00:20:01]} {[%emt 00:01:26]}
46. Qc4 {[%clk 00:24:45]} {[%emt 00:02:25]} Be6 {[%clk 00:15:07]} {[%emt
00:05:24]} 1/2-1/2

[Event "European Chess Club Cup 2023"]
[Site "Durres, Albania"]
[Date "2023.10.07"]
[Round "7.2"]
[White "Anand, Viswanathan"]
[Black "Grandelius, Nils"]
[Result "1/2-1/2"]
[TimeControl "90' + 30' & 30\""]
[WhiteElo "2754"]
[BlackElo "2689"]

1. e4 {[%clk 01:30:56]} {[%emt 00:00:03]} e5 {[%clk 01:30:50]} {[%emt
00:00:10]} 2. Nf3 {[%clk 01:31:20]} {[%emt 00:00:06]} Nc6 {[%clk 01:31:14]}
{[%emt 00:00:06]} 3. Bb5 {[%clk 01:31:36]} {[%emt 00:00:14]} a6 {[%clk
01:30:43]} {[%emt 00:01:00]} 4. Ba4 {[%clk 01:31:58]} {[%emt 00:00:08]} Bc5
{[%clk 01:30:29]} {[%emt 00:00:44]} 5. c3 {[%clk 01:31:27]} {[%emt 00:01:02]}
Nge7 {[%clk 01:30:22]} {[%emt 00:00:36]} 6. d4 {[%clk 01:27:56]} {[%emt
00:04:00]} exd4 {[%clk 01:30:11]} {[%emt 00:00:41]} 7. cxd4 {[%clk 01:28:13]}
{[%emt 00:00:14]} Bb4+ {[%clk 01:30:31]} {[%emt 00:00:09]} 8. Bd2 {[%clk
01:27:47]} {[%emt 00:00:56]} Bxd2+ {[%clk 01:30:30]} {[%emt 00:00:30]} 9. Nbxd2
{[%clk 01:28:00]} {[%emt 00:00:18]} d5 {[%clk 01:30:22]} {[%emt 00:00:38]} 10.
e5 {[%clk 01:27:59]} {[%emt 00:00:31]} O-O {[%clk 01:30:13]} {[%emt 00:00:39]}
11. O-O {[%clk 01:28:04]} {[%emt 00:00:26]} f6 {[%clk 01:30:17]} {[%emt
00:00:26]} 12. Rc1 {[%clk 01:25:48]} {[%emt 00:02:45]} Bg4 {[%clk 01:28:52]}
{[%emt 00:01:55]} 13. Bxc6 {[%clk 01:18:55]} {[%emt 00:07:24]} Nxc6 {[%clk
01:25:44]} {[%emt 00:03:37]} 14. Qb3 {[%clk 01:18:47]} {[%emt 00:00:38]} fxe5
{[%clk 01:12:28]} {[%emt 00:13:46]} 15. dxe5 {[%clk 01:17:38]} {[%emt
00:01:39]} Rb8 {[%clk 01:11:21]} {[%emt 00:01:37]} 16. Qe3 {[%clk 01:06:04]}
{[%emt 00:12:04]} d4 {[%clk 00:58:28]} {[%emt 00:13:23]} 17. Qb3+ {[%clk
01:00:57]} {[%emt 00:05:37]} Kh8 {[%clk 00:58:50]} {[%emt 00:00:08]} 18. h3
{[%clk 00:56:34]} {[%emt 00:04:54]} Bxf3 {[%clk 00:49:56]} {[%emt 00:09:24]} 19.
Nxf3 {[%clk 00:56:54]} {[%emt 00:00:08]} d3 {[%clk 00:50:18]} {[%emt 00:00:09]}
20. Rfd1 {[%clk 00:39:53]} {[%emt 00:17:31]} Rxf3 {[%clk 00:37:37]} {[%emt
00:13:12]} 21. gxf3 {[%clk 00:40:15]} {[%emt 00:00:07]} Qg5+ {[%clk 00:37:11]}
{[%emt 00:00:56]} 22. Kf1 {[%clk 00:39:54]} {[%emt 00:00:52]} Nxe5 {[%clk
00:36:20]} {[%emt 00:01:21]} 23. Rc5 {[%clk 00:39:44]} {[%emt 00:00:39]} Qf5
{[%clk 00:33:14]} {[%emt 00:03:36]} 24. Rxe5 {[%clk 00:40:08]} {[%emt
00:00:06]} Qxe5 {[%clk 00:33:32]} {[%emt 00:00:12]} 25. Rxd3 {[%clk 00:40:33]}
{[%emt 00:00:05]} h6 {[%clk 00:30:15]} {[%emt 00:03:47]} 26. Re3 {[%clk
00:38:39]} {[%emt 00:02:24]} Qf5 {[%clk 00:21:49]} {[%emt 00:08:54]} 27. Kg2
{[%clk 00:38:08]} {[%emt 00:01:03]} Rd8 {[%clk 00:18:05]} {[%emt 00:04:14]} 28.
Re4 {[%clk 00:28:01]} {[%emt 00:10:37]} b5 {[%clk 00:17:48]} {[%emt 00:00:47]}
29. a4 {[%clk 00:26:11]} {[%emt 00:02:20]} bxa4 {[%clk 00:16:39]} {[%emt
00:01:39]} 30. Qxa4 {[%clk 00:25:41]} {[%emt 00:01:00]} Rf8 {[%clk 00:15:12]}
{[%emt 00:01:57]} 31. Qa3 {[%clk 00:25:35]} {[%emt 00:00:34]} Rf6 {[%clk
00:14:28]} {[%emt 00:01:16]} 32. Qe3 {[%clk 00:22:49]} {[%emt 00:03:16]} Kh7
{[%clk 00:13:17]} {[%emt 00:01:41]} 33. b4 {[%clk 00:19:07]} {[%emt 00:04:12]}
a5 {[%clk 00:06:27]} {[%emt 00:07:21]} 34. bxa5 {[%clk 00:18:36]} {[%emt
00:01:00]} Qxa5 {[%clk 00:06:50]} {[%emt 00:00:06]} 35. Rg4 {[%clk 00:17:43]}
{[%emt 00:01:23]} Qf5 {[%clk 00:07:00]} {[%emt 00:00:20]} 36. Qe4 {[%clk
00:13:03]} {[%emt 00:05:10]} c5 {[%clk 00:07:11]} {[%emt 00:00:19]} 37. Qxf5+
{[%clk 00:12:27]} {[%emt 00:01:07]} Rxf5 {[%clk 00:07:39]} {[%emt 00:00:02]} 38.
Rc4 {[%clk 00:12:47]} {[%emt 00:00:09]} Kg6 {[%clk 00:07:30]} {[%emt 00:00:39]}
39. f4 {[%clk 00:13:08]} {[%emt 00:00:10]} Kf6 {[%clk 00:05:43]} {[%emt
00:02:17]} 40. Kf3 {[%clk 00:13:29]} {[%emt 00:00:09]} Ke6 {[%clk 00:05:16]}
{[%emt 00:00:57]} 41. Ke4 {[%clk 00:13:29]} {[%emt 00:00:29]} Ke5+ {[%emt
00:06:59]} 1/2-1/2

[Event "European Chess Club Cup 2023"]
[Site "Durres, Albania"]
[Date "2023.10.07"]
[Round "7.3"]
[White "Navara, David"]
[Black "Deac, Bogdan-Daniel"]
[Result "1/2-1/2"]
[TimeControl "90' + 30' & 30\""]
[WhiteElo "2689"]
[BlackElo "2701"]

1. e4 {[%clk 01:30:58]} e5 {[%clk 01:29:58]} {[%emt 00:01:02]} 2. Nf3 {[%clk
01:31:24]} {[%emt 00:00:05]} Nc6 {[%clk 01:30:19]} {[%emt 00:00:09]} 3. Bb5
{[%clk 01:31:50]} {[%emt 00:00:04]} a6 {[%clk 01:26:06]} {[%emt 00:04:44]} 4.
Ba4 {[%clk 01:32:10]} {[%emt 00:00:11]} Nf6 {[%clk 01:26:32]} {[%emt 00:00:03]}
5. O-O {[%clk 01:32:30]} {[%emt 00:00:10]} Be7 {[%clk 01:24:24]} {[%emt
00:02:39]} 6. Re1 {[%clk 01:32:49]} {[%emt 00:00:09]} b5 {[%clk 01:24:52]}
{[%emt 00:00:02]} 7. Bb3 {[%clk 01:33:11]} {[%emt 00:00:09]} O-O {[%clk
01:25:19]} {[%emt 00:00:03]} 8. a4 {[%clk 01:33:26]} {[%emt 00:00:14]} Rb8
{[%clk 01:25:22]} {[%emt 00:00:28]} 9. axb5 {[%clk 01:32:19]} {[%emt 00:01:38]}
axb5 {[%clk 01:25:50]} {[%emt 00:00:02]} 10. d3 {[%clk 01:27:48]} {[%emt
00:05:00]} d6 {[%clk 01:26:08]} {[%emt 00:00:12]} 11. Nc3 {[%clk 01:25:05]}
{[%emt 00:03:14]} Nb4 {[%clk 01:14:35]} {[%emt 00:12:03]} 12. Ne2 {[%clk
01:18:46]} {[%emt 00:06:48]} c5 {[%clk 01:14:53]} {[%emt 00:00:12]} 13. c3
{[%clk 01:08:06]} {[%emt 00:11:09]} Nc6 {[%clk 01:15:09]} {[%emt 00:00:14]} 14.
Ng3 {[%clk 01:08:30]} {[%emt 00:00:07]} b4 {[%clk 01:07:13]} {[%emt 00:08:26]}
15. Bg5 {[%clk 00:56:16]} {[%emt 00:12:44]} bxc3 {[%clk 00:55:01]} {[%emt
00:12:43]} 16. bxc3 {[%clk 00:56:33]} {[%emt 00:00:12]} Ng4 {[%clk 00:44:35]}
{[%emt 00:10:56]} 17. Bxe7 {[%clk 00:55:26]} {[%emt 00:01:37]} Qxe7 {[%clk
00:44:50]} {[%emt 00:00:14]} 18. Bd5 {[%clk 00:51:19]} {[%emt 00:04:38]} Qc7
{[%clk 00:41:34]} {[%emt 00:03:46]} 19. d4 {[%clk 00:45:35]} {[%emt 00:06:14]}
cxd4 {[%clk 00:41:44]} {[%emt 00:00:20]} 20. cxd4 {[%clk 00:45:53]} {[%emt
00:00:11]} Nxd4 {[%clk 00:38:29]} {[%emt 00:03:46]} 21. Nxd4 {[%clk 00:45:34]}
{[%emt 00:00:49]} exd4 {[%clk 00:38:49]} {[%emt 00:00:11]} 22. Qxd4 {[%clk
00:45:29]} {[%emt 00:00:34]} Qb6 {[%clk 00:38:45]} {[%emt 00:00:34]} 23. Qxb6
{[%clk 00:34:51]} {[%emt 00:11:08]} Rxb6 {[%clk 00:39:05]} {[%emt 00:00:10]} 24.
Ra7 {[%clk 00:33:43]} {[%emt 00:01:37]} Nf6 {[%clk 00:34:38]} {[%emt 00:04:58]}
25. Ba2 {[%clk 00:31:54]} {[%emt 00:02:19]} Rb7 {[%clk 00:30:47]} {[%emt
00:04:21]} 26. Rxb7 {[%clk 00:31:29]} {[%emt 00:00:55]} Bxb7 {[%clk 00:31:11]}
{[%emt 00:00:06]} 27. f3 {[%emt 00:00:15]} Ra8 {[%clk 00:31:36]} 28. Bb3 {[%clk
00:30:38]} {[%emt 00:01:40]} g6 {[%clk 00:30:44]} {[%emt 00:01:22]} 29. Rd1
{[%clk 00:28:35]} {[%emt 00:02:33]} Ra6 {[%clk 00:30:27]} {[%emt 00:00:48]} 30.
Rb1 {[%clk 00:25:30]} {[%emt 00:03:34]} d5 {[%clk 00:26:20]} {[%emt 00:04:36]}
1/2-1/2

[Event "European Chess Club Cup 2023"]
[Site "Durres, Albania"]
[Date "2023.10.07"]
[Round "7.4"]
[White "Van Foreest, Jorden"]
[Black "Nguyen, Thai Dai Van"]
[Result "1-0"]
[TimeControl "90' + 30' & 30\""]
[WhiteElo "2707"]
[BlackElo "2618"]

1. d4 {[%clk 01:30:56]} {[%emt 00:00:03]} Nf6 {[%clk 01:30:54]} {[%emt
00:00:06]} 2. c4 {[%clk 01:31:18]} {[%emt 00:00:08]} e6 {[%clk 01:31:20]}
{[%emt 00:00:04]} 3. Nc3 {[%clk 01:31:29]} {[%emt 00:00:19]} Bb4 {[%clk
01:31:17]} {[%emt 00:00:33]} 4. e3 {[%clk 01:31:45]} {[%emt 00:00:13]} O-O
{[%clk 01:31:31]} {[%emt 00:00:15]} 5. Bd2 {[%clk 01:31:52]} {[%emt 00:00:24]}
d5 {[%clk 01:25:18]} {[%emt 00:06:44]} 6. a3 {[%clk 01:30:58]} {[%emt
00:01:24]} Be7 {[%clk 01:22:05]} {[%emt 00:03:43]} 7. Nf3 {[%clk 01:31:06]}
{[%emt 00:00:21]} b6 {[%clk 01:17:23]} {[%emt 00:05:13]} 8. cxd5 {[%clk
01:31:18]} {[%emt 00:00:17]} exd5 {[%clk 01:17:46]} {[%emt 00:00:07]} 9. g3
{[%clk 01:26:18]} {[%emt 00:05:29]} c5 {[%clk 01:08:46]} {[%emt 00:09:30]} 10.
Bg2 {[%clk 01:26:26]} {[%emt 00:00:23]} Nc6 {[%clk 00:58:41]} {[%emt 00:10:35]}
11. O-O {[%clk 01:25:20]} {[%emt 00:01:35]} Bb7 {[%clk 00:58:57]} {[%emt
00:00:15]} 12. Re1 {[%clk 01:04:36]} {[%emt 00:21:13]} Re8 {[%clk 00:55:30]}
{[%emt 00:03:57]} 13. Rc1 {[%clk 01:04:07]} {[%emt 00:00:59]} Bf8 {[%clk
00:53:30]} {[%emt 00:02:30]} 14. h4 {[%clk 00:57:30]} {[%emt 00:07:08]} h6
{[%clk 00:50:08]} {[%emt 00:03:51]} 15. Ne2 {[%clk 00:53:20]} {[%emt 00:04:40]}
c4 {[%clk 00:44:46]} {[%emt 00:05:52]} 16. Nh2 {[%clk 00:43:03]} {[%emt
00:10:47]} b5 {[%clk 00:39:59]} {[%emt 00:05:17]} 17. Nc3 {[%clk 00:43:29]}
{[%emt 00:00:05]} a6 {[%clk 00:40:03]} {[%emt 00:00:26]} 18. Ng4 {[%clk
00:42:52]} {[%emt 00:01:07]} Ne4 {[%clk 00:37:00]} {[%emt 00:03:33]} 19. Nxe4
{[%clk 00:43:00]} {[%emt 00:00:22]} dxe4 {[%clk 00:37:28]} {[%emt 00:00:02]} 20.
f3 {[%clk 00:40:27]} {[%emt 00:03:04]} exf3 {[%clk 00:30:34]} {[%emt 00:07:24]}
21. Qxf3 {[%clk 00:40:36]} {[%emt 00:00:20]} Bd6 {[%clk 00:17:13]} {[%emt
00:13:51]} 22. Rf1 {[%clk 00:37:58]} {[%emt 00:03:08]} Qd7 {[%clk 00:15:27]}
{[%emt 00:02:16]} 23. Bc3 {[%clk 00:36:02]} {[%emt 00:02:26]} h5 {[%clk
00:11:13]} {[%emt 00:04:46]} 24. Nf6+ {[%clk 00:29:43]} {[%emt 00:06:48]} gxf6
{[%clk 00:11:41]} {[%emt 00:00:02]} 25. d5 {[%clk 00:25:33]} {[%emt 00:04:40]}
Ne5 {[%clk 00:11:42]} {[%emt 00:00:29]} 26. Qxf6 {[%clk 00:25:58]} Qe7 {[%clk
00:11:18]} {[%emt 00:00:58]} 27. Qh6 {[%clk 00:23:08]} {[%emt 00:03:20]} Qf8
{[%clk 00:11:10]} {[%emt 00:00:38]} 28. Qxh5 {[%clk 00:20:07]} {[%emt
00:03:32]} f6 {[%clk 00:07:59]} {[%emt 00:03:42]} 29. Rf4 {[%clk 00:20:29]}
{[%emt 00:00:08]} Qf7 {[%clk 00:06:46]} {[%emt 00:01:44]} 30. Qh6 {[%clk
00:18:01]} {[%emt 00:02:56]} Bc5 {[%clk 00:01:39]} {[%emt 00:05:38]} 31. Rxf6
{[%clk 00:10:36]} {[%emt 00:07:54]} Bxe3+ {[%clk 00:01:12]} {[%emt 00:00:57]}
32. Qxe3 {[%clk 00:11:00]} {[%emt 00:00:06]} Qxf6 {[%clk 00:01:41]} 33. Rf1
{[%clk 00:11:24]} {[%emt 00:00:06]} Nf3+ {[%clk 00:00:38]} {[%emt 00:01:34]} 34.
Rxf3 {[%clk 00:03:35]} {[%emt 00:08:19]} Rxe3 {[%clk 00:01:02]} {[%emt
00:00:06]} 35. Rxf6 {[%clk 00:04:01]} {[%emt 00:00:04]} Rxg3 {[%clk 00:01:06]}
{[%emt 00:00:26]} 36. Kf2 {[%clk 00:04:28]} {[%emt 00:00:03]} Rg4 {[%clk
00:00:33]} {[%emt 00:01:02]} 37. Bh3 {[%clk 00:04:52]} {[%emt 00:00:06]} Rxh4
{[%clk 00:00:33]} {[%emt 00:00:31]} 38. Be6+ {[%clk 00:05:18]} {[%emt
00:00:03]} Kh7 {[%clk 00:00:32]} {[%emt 00:00:31]} 39. Rf7+ {[%clk 00:04:38]}
{[%emt 00:01:11]} 1-0

[Event "European Chess Club Cup 2023"]
[Site "Durres, Albania"]
[Date "2023.10.07"]
[Round "7.5"]
[White "Anton Guijarro, David"]
[Black "Fedoseev, Vladimir"]
[Result "1-0"]
[TimeControl "90' + 30' & 30\""]
[WhiteElo "2653"]
[BlackElo "2691"]

1. e4 {[%clk 01:30:54]} {[%emt 00:00:05]} c5 {[%clk 01:30:47]} {[%emt
00:00:13]} 2. Nf3 {[%clk 01:31:14]} {[%emt 00:00:10]} Nc6 {[%clk 01:31:10]}
{[%emt 00:00:08]} 3. Bb5 {[%clk 01:31:10]} {[%emt 00:00:33]} g6 {[%clk
01:31:27]} {[%emt 00:00:13]} 4. Bxc6 {[%clk 01:31:08]} {[%emt 00:00:33]} dxc6
{[%clk 01:31:55]} {[%emt 00:00:02]} 5. d3 {[%clk 01:30:59]} {[%emt 00:00:38]}
Qc7 {[%clk 01:31:54]} {[%emt 00:00:31]} 6. O-O {[%clk 01:29:51]} {[%emt
00:01:49]} Bg7 {[%clk 01:30:22]} {[%emt 00:01:50]} 7. a4 {[%clk 01:24:21]}
{[%emt 00:06:01]} a5 {[%clk 01:25:41]} {[%emt 00:05:11]} 8. Na3 {[%clk
01:22:14]} {[%emt 00:02:38]} Nf6 {[%clk 01:19:54]} {[%emt 00:06:16]} 9. h3
{[%clk 01:20:29]} {[%emt 00:02:15]} Nd7 {[%clk 01:18:09]} {[%emt 00:02:15]} 10.
c3 {[%clk 01:11:34]} {[%emt 00:09:25]} b6 {[%clk 01:15:20]} {[%emt 00:03:19]}
11. Be3 {[%clk 01:04:43]} {[%emt 00:07:22]} Ba6 {[%clk 01:10:13]} {[%emt
00:05:38]} 12. Qc2 {[%clk 01:03:00]} {[%emt 00:02:13]} O-O {[%clk 01:07:20]}
{[%emt 00:03:23]} 13. Rfd1 {[%clk 00:59:07]} {[%emt 00:04:23]} Rfd8 {[%clk
01:02:51]} {[%emt 00:04:59]} 14. d4 {[%clk 00:53:23]} {[%emt 00:06:14]} cxd4
{[%clk 01:01:16]} {[%emt 00:02:04]} 15. cxd4 {[%clk 00:53:45]} {[%emt
00:00:07]} Rac8 {[%clk 00:58:01]} {[%emt 00:03:45]} 16. Rac1 {[%clk 00:53:23]}
{[%emt 00:00:53]} Qb8 {[%clk 00:56:36]} {[%emt 00:01:54]} 17. Nc4 {[%clk
00:46:39]} {[%emt 00:07:15]} h6 {[%clk 00:43:33]} {[%emt 00:13:33]} 18. Qb3
{[%clk 00:40:21]} {[%emt 00:06:48]} e6 {[%clk 00:41:42]} {[%emt 00:02:21]} 19.
e5 {[%clk 00:36:29]} {[%emt 00:04:23]} Bxc4 {[%clk 00:35:46]} {[%emt 00:06:26]}
20. Rxc4 {[%clk 00:36:20]} {[%emt 00:00:39]} c5 {[%clk 00:33:35]} {[%emt
00:02:41]} 21. dxc5 {[%clk 00:32:37]} {[%emt 00:04:13]} bxc5 {[%clk 00:31:52]}
{[%emt 00:02:12]} 22. Qxb8 {[%clk 00:32:41]} {[%emt 00:00:27]} Rxb8 {[%clk
00:32:21]} 23. Rc2 {[%clk 00:26:41]} {[%emt 00:06:29]} Nxe5 {[%clk 00:24:35]}
{[%emt 00:08:16]} 24. Rxd8+ {[%clk 00:27:03]} {[%emt 00:00:09]} Rxd8 {[%clk
00:25:00]} {[%emt 00:00:04]} 25. Rxc5 {[%clk 00:26:53]} {[%emt 00:00:40]} Rd1+
{[%clk 00:24:54]} {[%emt 00:00:36]} 26. Kh2 {[%clk 00:27:19]} {[%emt 00:00:04]}
Rd5 {[%clk 00:19:29]} {[%emt 00:05:55]} 27. Rxd5 {[%clk 00:24:27]} {[%emt
00:03:23]} Nxf3+ {[%clk 00:17:24]} {[%emt 00:02:34]} 28. Kg3 {[%clk 00:22:45]}
{[%emt 00:02:13]} exd5 {[%clk 00:17:43]} {[%emt 00:00:11]} 29. Kxf3 {[%clk
00:23:10]} {[%emt 00:00:05]} Bxb2 {[%clk 00:10:22]} {[%emt 00:07:51]} 30. Bxh6
{[%clk 00:21:43]} {[%emt 00:01:56]} Bf6 {[%clk 00:07:59]} {[%emt 00:02:53]} 31.
Ke3 {[%clk 00:15:55]} {[%emt 00:06:18]} Be7 {[%clk 00:06:15]} {[%emt 00:02:14]}
32. Kd4 {[%clk 00:13:45]} {[%emt 00:02:40]} g5 {[%clk 00:06:34]} {[%emt
00:00:11]} 33. f4 {[%clk 00:09:59]} {[%emt 00:04:16]} f6 {[%clk 00:05:37]}
{[%emt 00:01:28]} 34. h4 {[%clk 00:07:14]} {[%emt 00:03:15]} gxh4 {[%clk
00:04:28]} {[%emt 00:01:39]} 35. f5 {[%clk 00:07:18]} {[%emt 00:00:25]} Bb4
{[%clk 00:03:55]} {[%emt 00:01:03]} 36. Kxd5 {[%clk 00:07:35]} {[%emt
00:00:14]} Kf7 {[%clk 00:04:25]} 37. Be3 {[%clk 00:07:23]} {[%emt 00:00:42]}
Be1 {[%clk 00:04:48]} {[%emt 00:00:07]} 38. Kd6 {[%clk 00:07:04]} {[%emt
00:00:49]} Bb4+ {[%clk 00:00:59]} {[%emt 00:04:18]} 39. Kd7 {[%clk 00:07:25]}
{[%emt 00:00:09]} Be1 {[%clk 00:01:24]} {[%emt 00:00:05]} 40. Bd4 {[%clk
00:06:47]} {[%emt 00:01:08]} Bb4 {[%clk 00:01:20]} {[%emt 00:00:34]} 41. Bf2
{[%clk 00:06:46]} {[%emt 00:00:31]} h3 {[%clk 00:15:21]} {[%emt 00:16:29]} 42.
gxh3 {[%clk 00:37:08]} {[%emt 00:00:09]} Bc3 {[%clk 00:15:39]} {[%emt
00:00:11]} 43. Kc6 {[%clk 00:36:22]} {[%emt 00:01:16]} Kg7 {[%clk 00:13:07]}
{[%emt 00:03:02]} 44. Be3 {[%clk 00:36:35]} {[%emt 00:00:17]} 1-0